000 01112nam a22002297a 4500
003 NALT
005 20251125233000.0
008 s2544 th thaeng
020 _a9742828342
040 _aNALT
041 _athaeng
090 _aKJ82
_bพ371 2544
245 1 0 _aพระราชบัญญัติหลักทรัพย์และตลาดหลักทรัพย์ พ.ศ. 2535 แก้ไขเพิ่มเติม พ.ศ. 2542 = The securities and exchange act B.E. 2535 (A.D.1992) securities and exchange act (no.2) B.E. 2542 (A.D.1999)
260 3 _aกรุงเทพฯ :
_bวิญญูชน,
_c2544
300 _a163 หน้า ;
_b26 ซม.
650 0 4 _aSecurities and exchange act -- Thailand
650 0 4 _aหลักทรัพย์และตลาดหลักทรัพย์ (พ.ร.บ.) -- 2535 -- แก้ไขเพิ่มเติม -- 2542
850 _aNALT
856 4 0 _uhttps://hdl.handle.net/20.500.14156/302917
942 _cLB
_2lcc
999 _c47203
_d47203
998 _j109
_k อารีรัตน์ วิชาช่าง